Introduction to the Galois correspondence

Saved in:
Bibliographic Details
Main Author: Fenrick, Maureen H., 1946-
Format: Book
Language:English
Published: Boston : Birkhauser, 1992
Subjects:
Tags: Add Tag
No Tags, Be the first to tag this record!

MARC

LEADER 00000cam a2200000 i 4500
001 1/52118
008 950928s1992 eng d
020 |a 0-8176-3522-X 
020 |a 3-7643-3522-X 
035 |a 1995  |c ΚΕΧΑΓΙΑΣ  |l 10044333 
040 |a GR-MY-UA  |b gre  |e aacr 
041 0 |a eng 
082 0 |a 512.3 
100 1 |a Fenrick, Maureen H.,   |d 1946- 
245 1 0 |a Introduction to the Galois correspondence /  |c Maureen H. Fenrick 
260 |a Boston :   |b Birkhauser,   |c 1992 
300 |a 127 p.;  |c 24 cm.+ 
500 |a Includes bibliographical references and index 
650 0 0 |a Galois correspondences. 
852 |a INST  |b SAMOS  |e 19950928  |h 512.3 FEN  |p 005300004795  |q 005300004795  |t BK  |y 0 
909 |a Σ  |b 042410